000 00835nmm a2200265 a 4500
001 ocm0002146631
003 TR-IsHL
005 20201028183421.0
008 190401s2013 tu tur
007 cr cn
020 _a9786054657285
035 _a2146631
_b(N$T)
050 0 4 _aGV1282.3
_b.İ215 2013
090 0 4 _aGV1282.3
_b.İ215 2013
100 1 _aİkinci, Osman
245 1 0 _aBriç: Etkili  Sistem: 2/1
_h[electronic resource] /
_cOsman İkinci
260 _aİstanbul :
_bPhoenix Yayınevi,
_c2013
300 _a368 p.
650 4 _aGenel Çalışmalar
650 4 _aGeneral Works
650 0 _aBriç oyunu
650 0 _aContract Bridge
650 7 _aGAMES & ACTIVITIES / Card Games / Bridge
_2bisacsh
856 4 0 _uhttp://search.ebscohost.com/login.aspx?direct=true&scope=site&db=e011xww&AN=2146631
999 _c20527
_d20527